000 01136nam a22003257a 4500
001 0074
003 DO-SdBPM
005 20250917142518.0
007 ta
008 151103b1982 sp | |||| 00| 0 spa d
020 _a847525019X
040 _aDO-SdBPM
_bspa
_cBPMSU
_erda
082 4 _a863.5
_bA323a 1982
_222
100 1 _aAlas Ureña, Leopoldo,
_d1852-1901
_eautor
245 1 0 _a¡Adios , ¨cordera¨! y lo demas son cuentos /
_cLeopoldo Alas Ureña ; ilustración Francisco Conesa
264 _aMadrid, España :
_bAnaya,
_c1982
300 _a255 páginas :
_bilustración,
_c20 cm.
336 _atexto
_btxt
_2rdacontent
337 _asin mediación
_bn
_2rdamedia
338 _avolumen
_bnc
_2rdacarrier
490 1 0 _aTus libros ;
_a (Maravillosos),
_v20
504 _aIncluye referencias bibliográficas y notas al pie de las páginas
504 _aBibliografías : páginas 254-255
590 _aInventariado, 2025/VM
650 7 _aCuentos españoles.
650 7 _aLiteratura española
_ySiglo XIX
_x
700 1 _aConesa, Francisco,
_3ilustración
910 _aVMateo V. Control de caldiad. BPMSU
942 _2ddc
_cBK
999 _c8534
_d8534